Kraje, do których podróże odradza MSZ - Statystyki

Ogólne statystyki
  • Ten quiz został rozwiązany 38 razy
  • Średni wynik to 31 z 47
Statystyki odpowiedzi
Hint Odpowiedź % Poprawnych
Europa Rosja
88%
Europa Białoruś
85%
Azja Irak
85%
Azja Izrael
85%
Azja Korea Północna
85%
Afryka Somalia
82%
Europa Ukraina
82%
Ameryka Południowa Wenezuela
82%
Ameryka Północna Haiti
79%
Azja Iran
79%
Azja Jemen
79%
Afryka Niger
79%
Afryka Nigeria
79%
Azja Afganistan
76%
Azja Birma
76%
Afryka Czad
76%
Afryka Demokratyczna Republika Konga
76%
Afryka Etiopia
76%
Afryka Libia
76%
Afryka Mali
76%
Azja Pakistan
76%
Afryka Sudan
76%
Azja Syria
76%
Afryka Sudan Południowy
74%
Afryka Republika Środkowoafrykańska
68%
Afryka Algieria
65%
Afryka Kenia
65%
Afryka Mauretania
65%
Afryka Uganda
65%
Ameryka Północna Honduras
62%
Afryka Burundi
59%
Afryka Gwinea
59%
Ameryka Północna Nikaragua
59%
Ameryka Południowa Surinam
59%
Azja Bangladesz
56%
Afryka Benin
56%
Afryka Gabon
53%
Ameryka Północna Jamajka
53%
Afryka Madagaskar
53%
Azja- Nieuznawane Palestyna
53%
Ameryka Południowa Trynidad i Tobago
53%
Afryka Burkina Faso
50%
Afryka Gwinea Bissau
50%
Europa- Nieuznawane Naddniestrze
50%
Afryka- Nieuznawane Sahara Zachodnia
38%
Azja- Nieuznawane Abchazja
26%
Azja- Nieuznawane Osetia Południowa
21%
Nie znaleziono quizów pasujących do podanych kryteriów
Rozkład punktacji
Procent ludzi z każdym wynikiem
Percentyl według liczby udzielonych odpowiedzi
Twoja historia wyników
Nie rozwiązałeś tego quizu